Demographic Profile of North-East India (Record no. 10344)

MARC details
000 -LEADER
fixed length control field 00596nam a2200241 a 4500
020 ## - INTERNATIONAL STANDARD BOOK NUMBER
ISBN 8171173
082 00 - DEWEY DECIMAL CLASSIFICATION NUMBER
Classification number 954.16
Author Cutter MUK
100 ## - MAIN ENTRY--AUTHOR NAME
Author name Mukherjee, Sanu
245 ## - TITLE STATEMENT
Title Demographic Profile of North-East India
260 ## - PUBLICATION, DISTRIBUTION, ETC. (IMPRINT)
Place of publication Delhi
Name of publisher Om Sons Pub.
Year of publication 1994
300 ## - PHYSICAL DESCRIPTION
Number of Pages 135p
500 ## - GENERAL NOTE
General note includes index and biblioraphy
505 2# - FORMATTED CONTENTS NOTE
Formatted contents note Index
650 ## - SUBJECT ADDED ENTRY--TOPICAL TERM
Topical Term North East India
650 ## - SUBJECT ADDED ENTRY--TOPICAL TERM
Topical Term India-Demography
942 ## - ADDED ENTRY ELEMENTS (KOHA)
Koha item type Books
Holdings
Collection code Home library Current library Date acquired Cost, normal purchase price Full call number Accession Number Koha item type
  Henry Martyn Institute Library Henry Martyn Institute Library 08/01/2007 180.00 954.16 MUK 015488 Books
                   Copyright © 2026 | Henry Martyn Institute | Hyderabad | TS-500052 | INDIA | Implemented by hmi.edu.in
Hit-Count:

Powered by Koha